| 000 | 00436nam a2200157Ia 4500 | ||
|---|---|---|---|
| 008 | 160316s2000 xxu||||| |||| 00| 0 eng d | ||
| 082 |
_a0.000000 _b |
||
| 100 | _aCampen Alan D | ||
| 245 | _aCyberwar : Security, strategy and conflict in the information age | ||
| 250 | _a | ||
| 260 |
_aNew Delhi _bBookmart Publishers _c2000 |
||
| 300 |
_a296p _b _cvi |
||
| 365 | _bRs.495 | ||
| 650 | _a | ||
| 700 |
_aDearth Doughlas H _aGoodden R Thomas |
||
| 999 |
_c16190 _d16190 |
||